| 000 | 00840nam a2200241Ia 4500 | ||
|---|---|---|---|
| 003 | GCL | ||
| 008 | 140319s9999 xx 000 0 ara d | ||
| 040 |
_aGCL / _cGCL |
||
| 082 | 0 | 4 |
_a649.1 _bف م |
| 100 | 1 | _aفؤاد نجيب | |
| 245 | 1 | 0 |
_aالمرجع الطبىللام العصرية: العناية الحديثة بالطفل وتربيته وكيفية المشاركة فى علاجه / _cفؤاد نجيب |
| 260 |
_a[S.N] : _bفؤاد نجيب |
||
| 300 | _a520 ص | ||
| 490 | _a | ||
| 650 | 0 | 4 | _aطب الاطفال |
| 650 | 0 | 4 | _aالاطفال الرضع |
| 650 | 0 | 4 | _aالامهات والابناء |
| 650 | 0 | 4 | _aالرعاية الاجتماعية |
| 650 | 0 | 4 | _aالاطفال - تغذية |
| 650 | 0 | 4 | _aالاطفال - العناية الصحية |
| 650 | 0 | 4 | _aالاطفال - رعاية |
| 942 |
_2ddc _cBK |
||
| 999 |
_c53527 _d53527 |
||